La crisis institucional de 1993 y los grupos de presión II parte /
Guardado en:
| 主要作者: | |
|---|---|
| 格式: | Texto |
| 主題: | |
| 標簽: |
添加標簽
沒有標簽, 成為第一個標記此記錄!
|
MARC
| LEADER | 00000 a a2200000 04500 | ||
|---|---|---|---|
| 001 | 45494 | ||
| 003 | |||
| 040 | |a CRAI/IIS |c CRAI/IIS | ||
| 090 | |a REV0780 (38)2000 | ||
| 100 | |a Alvarez Aragón, Rosa María | ||
| 245 | |a La crisis institucional de 1993 y los grupos de presión II parte / |c Rosa María Alvarez Aragón | ||
| 650 | |a GRUPOS DE INTERESES | ||
| 650 | |a CRISIS POLITICA | ||
| 650 | |a CRISIS SOCIAL | ||
| 650 | |a RELACIONES ENTRE LOS GRUPOS | ||
| 773 | |g número38, V Epoca (2000), páginas 79-90 | ||
| 999 | |c 18187 |d 18187 | ||
